| 000 | 00000nam 2200000za 4500 |
| 001 | 9.802863 |
| 003 | CaOODSP |
| 005 | 20221107135058 |
| 007 | cr ||||||||||| |
| 008 | 150406s2015 onc|||||o f|0| 0 fre d |
| 040 | |aCaOODSP|bfre |
| 043 | |an-cn--- |
| 086 | 1 |aTU3-7/13-0071F-PDF |
| 245 | 00|aHeurt et échouement subséquent - navire de charge Claude A. Desgagnes - Iroquois (Ontario), le 6 novembre 2013 |h[ressource électronique]. |
| 260 | |a[Ottawa] : |bBureau de la sécurité des transports du Canada, |c[2015] |
| 300 | |a[1], 14 p. : |btable, photographies. |
| 490 | 1 |aRapport d'enquête maritime ;|vM13C0071 |
| 500 | |aPublié aussi en anglais sous le titre : Striking and subsequent grounding - general cargo ship Claude A. Desgagnes - Iroquois, Ontario, 06 November 2013. |
| 504 | |aComprend des références bibliographiques. |
| 692 | 07|2gccst|aAccident maritime |
| 692 | 07|2gccst|aEnquête |
| 710 | 2 |aBureau de la sécurité des transports du Canada. |
| 775 | 08|tStriking and subsequent grounding - general cargo ship Claude A. Desgagnes - Iroquois, Ontario, 06 November 2013 |w(CaOODSP)9.802862 |
| 830 | #0|aRapport d'enquête maritime ;|vM13C0071|w(CaOODSP)9.501269 |
| 856 | 40|qPDF|s281 Ko|uhttps://publications.gc.ca/collections/collection_2015/bst-tsb/TU3-7-13-0071-fra.pdf |